Catálogo público

Crianza, producción y comercialización de codornices / (Record no. 170348)

MARC details
000 -CABECERA
campo de control de longitud fija 03494nam a2200445 a 4500
001 - NÚMERO DE CONTROL
campo de control Z_7075
003 - IDENTIFICADOR DEL NÚMERO DE CONTROL
campo de control CHAP
005 - FECHA Y HORA DE LA ÚLTIMA TRANSACCIÓN
campo de control 20241206134837.0
007 - CAMPO FIJO DE DESCRIPCIÓN FÍSICA--INFORMACIÓN GENERAL
campo de control de longitud fija ta
008 - DATOS DE LONGITUD FIJA--INFORMACIÓN GENERAL
campo de control de longitud fija 220113s2015 pe ao fr 001 0 spa d
010 ## - NÚMERO DE CONTROL DE LA BIBLIOTECA DEL CONGRESO
Número de control de LC 170348
020 ## - NÚMERO INTERNACIONAL ESTÁNDAR DEL LIBRO
Número Internacional Estándar del Libro 978-612-304-243-1
040 ## - FUENTE DE LA CATALOGACIÓN
Centro catalogador/agencia de origen Z
Centro/agencia transcriptor CHAP
041 0# - CÓDIGO DE LENGUA
Código de lengua del sumario o resumen Español
Código de lengua de la tabla de contenido Español
082 ## - NÚMERO DE LA CLASIFICACIÓN DECIMAL DEWEY
Número de clasificación 636.5908
Número de documento/Ítem R36 2015
Número de edición 20
100 1# - ENTRADA PRINCIPAL--NOMBRE DE PERSONA
Nombre de persona Ramos Ttito, Isabel
9 (RLIN) 146693
Término indicativo de función/relación auotr
245 10 - MENCIÓN DE TÍTULO
Título Crianza, producción y comercialización de codornices /
Mención de responsabilidad, etc. Isabel Ramos Tito; coordinación de edición Cynthia Arestegui Baca; diagramación Lucero Monzón Morán; Ilustración Miguel Almeida Rojas
250 ## - MENCIÓN DE EDICIÓN
Mención de edición Primera edición
264 #1 - PRODUCCIÓN, PUBLICACIÓN, DISTRIBUCIÓN, FABRICACIÓN Y COPYRIGHT
Producción, publicación, distribución, fabricación y copyright Perú :
Nombre del de productor, editor, distribuidor, fabricante Macro,
Fecha de producción, publicación, distribución, fabricación o copyright 2015
300 ## - DESCRIPCIÓN FÍSICA
Extensión 198 páginas:
Otras características físicas ilustraciones, fotografías a color, tablas
336 ## - TIPO DE CONTENIDO
Fuente rdacontent
Término de tipo de contenido texto
Código de tipo de contenido txt
337 ## - TIPO DE MEDIO
Fuente rdamedia
Nombre/término del tipo de medio sin medio
Código del tipo de medio n
338 ## - TIPO DE SOPORTE
Fuente rdacarrier
Nombre/término del tipo de soporte volumen
Código del tipo de soporte nc
500 ## - NOTA GENERAL
Nota general ej.1: Consumo
504 ## - NOTA DE BIBLIOGRAFÍA, ETC.
Nota de bibliografía, etc. Bibliografía: páginas 195 - 196
505 ## - NOTA DE CONTENIDO CON FORMATO
Nota de contenido con formato Presentación -- Introducción --1.1 Origen e historia -- 1.2 Clasificación taxonómica de la codorniz -- 1.3 Características anatómicas de la codorniz -- 1.4 Situación nacional de la producción coturnícola -- 1.5 Situación mundial de la producción coturnícola -- 2.1 Codornices de carne -- 2.2 Codornices de postura -- 2.3 Codornices de doble propósito -- 2.4 Codornices ornamentales -- 3.1 Manejo por etapas de las codornices -- 4.1 Nutrición -- 4.2 Principales fuentes alimenticias -- 4.3 Requerimientos nutricionales 4.4 -- Programas de alimentación -- 4.5 Consumo de alimentos -- 4.6 Raciones formuladas por etapas -- 5.1 Selección de reproductores -- 5.2 Apareamiento -- 5.3 El huevo de la codorniz -- 5.4 Selección y cuidado del huevo para incubación -- 5.5 Incubación -- 5.6 Construcciones de una incubadora artificial -- 6.1 Selección -- 6.2 Sistemas de cruzamiento -- 7.1 Sanidad en codornices -- 7.2 Enfermedades causadas por bacterias -- 7.4 Enfermedades causadas por parásitos -- 7.5. Enfermedades causadas por hongos -- 7.6. Otras patologías comunes -- 7.7 Limpieza y desinfección -- 8.1 Ubicación del terreno -- 8.2 El galpón -- 8.3 Instalaciones -- 8.4 Materiales y equipos -- 9.1 Tratamiento biológico -- 9.2 Tratamiento físico -- 9.3 Tratamiento químico -- 9.4 Impacto ambiental -- 10.1 Plan estratégico -- 10.2 Plan financiero -- Prueba de dominio psicomotor.
520 ## - SUMARIO, ETC.
Sumario, etc. La cría de codornices es una nueva rama de la avicultura que data de hace poco tiempo, convirtiéndose en una actividad de gran importancia debido al alto contenido proteico que posee esta ave y los beneficios que genera su comercialización. <br/>El objetivo del libro es servir de material de consulta sobre la crianza y producción de codornices con el fin de obtener una máxima eficiencia productiva. Por ello, se trataron temas como el origen, clasificación, manejo productivo, alimentación, reproducción e implementación de instalaciones para su óptimo aprovechamiento.
650 1# - PUNTO DE ACCESO ADICIONAL DE MATERIA--TÉRMINO DE MATERIA
Término de materia o nombre geográfico como elemento de entrada Codornices
9 (RLIN) 146694
650 1# - PUNTO DE ACCESO ADICIONAL DE MATERIA--TÉRMINO DE MATERIA
Término de materia o nombre geográfico como elemento de entrada Codorniz
Subdivisión general Alimentación y alimentos
9 (RLIN) 146695
650 1# - PUNTO DE ACCESO ADICIONAL DE MATERIA--TÉRMINO DE MATERIA
Término de materia o nombre geográfico como elemento de entrada Codorniz
Subdivisión general Cría
9 (RLIN) 146696
650 1# - PUNTO DE ACCESO ADICIONAL DE MATERIA--TÉRMINO DE MATERIA
Término de materia o nombre geográfico como elemento de entrada Carne de codorniz
9 (RLIN) 19138
650 1# - PUNTO DE ACCESO ADICIONAL DE MATERIA--TÉRMINO DE MATERIA
Término de materia o nombre geográfico como elemento de entrada Huevos de codorniz
9 (RLIN) 56763
700 1# - PUNTO DE ACCESO ADICIONAL--NOMBRE DE PERSONA
Nombre de persona Almeida Rojas, Miguel
Término indicativo de función/relación ilustrador
9 (RLIN) 145735
700 1# - PUNTO DE ACCESO ADICIONAL--NOMBRE DE PERSONA
Nombre de persona Monzón Morán, Lucero
Término indicativo de función/relación diagramación
9 (RLIN) 146697
700 1# - PUNTO DE ACCESO ADICIONAL--NOMBRE DE PERSONA
Nombre de persona Arestegui Baca, Cynthia
Término indicativo de función/relación coordinador de edición
9 (RLIN) 146698
942 ## - ELEMENTOS DE PUNTO DE ACCESO ADICIONAL (KOHA)
Tipo de ítem Koha Libro
Fuente del sistema de clasificación o colocación Dewey Decimal Classification
901 ## - ELEMENTOS DE DATOS A LOCAL LDA (RLIN)
a 636.5908 T75 2015
902 ## - ELEMENTOS DE DATOS B LOCAL, LDB (RLIN)
a M
910 ## - DATOS DE OPCIÓN DEL USUARIO (OCLC)
Datos de opción del usuario 2015
Holdings
Estado de retiro Estado de pérdida Fuente del sistema de clasificación o colocación Estado dañado Restricciones de uso No para préstamo Código de colección Localización permanente Ubicación/localización actual Fecha de adquisición Fuente de adquisición Número de inventario Signatura topográfica completa Código de barras Fecha visto por última vez Número de copia Precio válido a partir de Tipo de ítem Koha Total de préstamos
    Dewey Decimal Classification   Préstamo interno   General Zootecnia Zootecnia 19/11/2018 Compra Libreria UACh No. 37333 Consumo 636.5908 R36 2015 5102007297 18/01/2022 Ej.1 18/01/2022 Libro  
    Dewey Decimal Classification   Préstamo interno   General Zootecnia Zootecnia 16/10/2024 Compra Libreria UACh No. 44562 S/N 636.5908 R36 2015 5102007664 30/10/2025 Ej.2 30/10/2025 Libro